<?xml version="1.0" encoding="UTF-8"?><?xml-stylesheet type="text/xsl" href="static/style.xsl"?><OAI-PMH xmlns="http://www.openarchives.org/OAI/2.0/" xmlns:xsi="http://www.w3.org/2001/XMLSchema-instance" xsi:schemaLocation="http://www.openarchives.org/OAI/2.0/ http://www.openarchives.org/OAI/2.0/OAI-PMH.xsd"><responseDate>2026-06-01T00:05:39Z</responseDate><request verb="GetRecord" identifier="oai:riuma.uma.es:10630/38915" metadataPrefix="marc">https://riuma.uma.es/rest/oai/request</request><GetRecord><record><header><identifier>oai:riuma.uma.es:10630/38915</identifier><datestamp>2026-02-03T12:01:24Z</datestamp><setSpec>com_10630_2254</setSpec><setSpec>col_10630_37959</setSpec></header><metadata><record xmlns="http://www.loc.gov/MARC21/slim" xmlns:dcterms="http://purl.org/dc/terms/" xmlns:doc="http://www.lyncode.com/xoai" xmlns:xsi="http://www.w3.org/2001/XMLSchema-instance" xsi:schemaLocation="http://www.loc.gov/MARC21/slim http://www.loc.gov/standards/marcxml/schema/MARC21slim.xsd">
   <leader>00925njm 22002777a 4500</leader>
   <datafield ind2=" " ind1=" " tag="042">
      <subfield code="a">dc</subfield>
   </datafield>
   <datafield ind2=" " ind1=" " tag="720">
      <subfield code="a">Soto Rumiche, Marco Antonio</subfield>
      <subfield code="e">author</subfield>
   </datafield>
   <datafield ind2=" " ind1=" " tag="720">
      <subfield code="a">Rodríguez-Marín, Francisco José</subfield>
      <subfield code="e">author</subfield>
   </datafield>
   <datafield ind2=" " ind1=" " tag="260">
      <subfield code="c">2024-06-30</subfield>
   </datafield>
   <datafield ind2=" " ind1=" " tag="520">
      <subfield code="a">This study examines visitors' perceptions of industrial mining heritage in Spain, a sector of&#xd;
significant cultural and economic value that has led to the establishment of museums and mining&#xd;
parks, which have been transformed into tourism products. Using text mining and natural language&#xd;
processing techniques, Tripadvisor’s online reviews of nine industrial mining heritage resources&#xd;
distributed across different autonomous communities in Spain were analysed. The primary objective&#xd;
was to investigate how visitors describe and evaluate their experiences at these sites. The results&#xd;
indicated a generally positive perception, with visitors frequently citing terms such as "interesting,"&#xd;
"recommendable," and "spectacular." However, critical points were also identified, particularly in&#xd;
relation to the duration and physical demands of the visits. This study highlights the educational&#xd;
and aesthetic importance of these sites, recognising their value in teaching the history of industrial&#xd;
mining and in offering cultural tourism.</subfield>
   </datafield>
   <datafield ind1="8" ind2=" " tag="024">
      <subfield code="a">https://hdl.handle.net/10630/38915</subfield>
   </datafield>
   <datafield ind1="8" ind2=" " tag="024">
      <subfield code="a">10.4995/HEDIT2024.2024.18086</subfield>
   </datafield>
   <datafield tag="653" ind2=" " ind1=" ">
      <subfield code="a">Patrimonio minero - España</subfield>
   </datafield>
   <datafield tag="653" ind2=" " ind1=" ">
      <subfield code="a">Turismo</subfield>
   </datafield>
   <datafield tag="653" ind2=" " ind1=" ">
      <subfield code="a">Investigación cualitativa</subfield>
   </datafield>
   <datafield tag="653" ind2=" " ind1=" ">
      <subfield code="a">Minería de datos</subfield>
   </datafield>
   <datafield ind2="0" ind1="0" tag="245">
      <subfield code="a">Analysis of the online public opinion on the web platform Tripadvisor on Spain's industrial mining heritage by structuring the data for sentiment analysis.</subfield>
   </datafield>
</record>
</metadata></record></GetRecord></OAI-PMH>